000 00594nam a2200241 a 4500
001 nice12345678
003 IN_TiNIC
005 20260116014035.0
008 050524s2001 cama grp 000 0 eng
020 _a0521166
_c1750
082 0 0 _a305.3
_bGOL
100 _aGoldstein, Joshua S
245 _aWar and Gender
260 _aCambridge
_bCambridge University Press
_c2001
300 _a523p
500 _aincludes index and biblioraphy
505 2 _aNotes
650 _aGender Roles
700 1 _aGoldstein, Joshua S
902 _bSRS
942 _cBK
999 _c13625
_d13625